00665nam a2200217Ia 4500008004100000020001500041040001800056041000800074100003700082245008800119250001100207260005800218300001800276490002600294504002100320650001600341650002600357650002600383650002400409650001400433130821s1998 ck gr spa  a9588037042 aCo-BoUCMbspa00aspa aGonzalez Castillo, Aliriod1945-00aCalistenia mental para cualquier aprendiz de filósofocAlirio González Castillo a1a. ed aBucaramanga (Colombia)bSistemas y Computadoresc1998 a100 páginas aColección Pregó N aIncluye índice04aFilosofía04aFilosofíavPoesía04aLiteratura colombiana04aPoesía colombiana04aPoesías